000 00599nam a2200217Ia 4500
005 20241129115835.0
008 241129s9999||||xx |||||||||||||| ||und||
020 _a9780367722401
037 _aTB
040 _aSDCL
_beng
_cSDCL
041 _aeng
_2eng
084 _aW, R1
_qSDCL
100 _aKumar Yogendra
_9728475
245 0 _aGeopolitics in the era of globalisation : Mapping an alternative global future
260 _aLondon
_bRoutledge
_c2021
300 _axi,194p.
365 _aINR
_b695
650 _aPolitical Science
942 _cTB
_hW, R1
999 _c1232243
_d1232243